Statistics for Eurovision Song Contest 2018 Lisbon

Click here to take the quiz!

General Stats

  • This quiz has been taken 91 times
  • The average score is 40 of 43

Answer Stats

SongArtistCountry% Correct
Higher groundRasmussenDenmark
99%
Mercymadame monsieurFrance
99%
FuegoEleni FoureiraCyprus
98%
MonstersSaara AaltoFinland
98%
You Let me Walk aloneMIchael SchulteGermany
98%
StormSuRieUK
98%
Nobody But youCesar SampsonAustria
96%
ToyNettaIsrael
96%
Non Mi Avete Fatto NienteErmal meta, Fabrizo MoroItaly
96%
Tu AsuncionAmaia Romero, Alfred GarciaSpain
96%
Dance you offBenjamin IngrossoSweden
96%
under the ladderMelovinUkraine
96%
BonesEquinoxBulgaria
95%
La ForzaElina NechayeyaEstonia
95%
TogetherRyan O'ShaughnessyIreland
95%
When We're OldLeva ZasimauskaitteLithuania
95%
thats how you write a songAlexander RybakNorway
95%
we got loveJessica MauboyAustralia
94%
My Lucky DayDoRe DosMoldova
94%
O JardimClaudia PascoalPortugal
94%
I Won't BreakJulia SamoylovaRussia
94%
Nova DecaSanja illnc, BalkanikaSerbia
94%
Lie to MeMikolas JosefCzech Republic
93%
Funny GirlLaura RizzottoLatvia
93%
TabooChristabelleMalta
93%
Hvala NeLea SirkSlovenia
93%
stonesZibbzSwitzerland
93%
MallEugent BushpepaAlbania
91%
A matter of timeSennekBelgium
91%
Oniro MouYianna terziGreece
91%
Our choiceAri OlafssonIceland
91%
Light me UpGroome ft Lukas MeijerPoland
91%
ForeverAlekseevBelarus
90%
Viszlat NyarAwsHungary
90%
InjeVanja RadovanovicMontenegro
90%
GoodbyeThe HumansRomania
90%
QamiSevakArmenia
89%
For YouIriaoGeorgia
89%
Who we AreJessika,Jenifer BreningSan Marino
89%
CrazyFrankaCroatia
88%
Lost and foundEye CueMacedonia
86%
Outlaw in 'EmWaylonNetherlands
86%
X My HeartAiselAzerbaijan
85%

Score Distribution

Percentile by Number Answered

Percent of People with Each Score

Your Score History

You have not taken this quiz